Vývoj rozvrhového systému - frontend

Na minha lista:
Detalhes bibliográficos
Autor principal: Gajdoš, Alexander (Author)
Outros Autores: Jókay, Matúš (Thesis advisor)
Formato: Manuscrito Livro
Idioma:eslovaco
Publicado em: Bratislava : STU v Bratislave FEI, 2023
Assuntos:
Acesso em linha:https://opac.crzp.sk/?fn=detailBiblioFormChildEDG1J&sid=C0DEB8E07572332BA32A0F15805F&seo=CRZP-detail-kniha
Tags: Adicionar Tag
Sem tags, seja o primeiro a adicionar uma tag!

MARC

LEADER 00000ntm a22000003a 4500
001 stuzp91894
003 SK-STU
005 20241210121016.9
007 ta
008 150427s2015----xo-----f-mn---000-0-slo-d
040 |a STU  |b slo 
041 0 |a slo 
044 |a xo 
100 1 |a Gajdoš, Alexander  |u 035000  |4 aut  |U FEI Fakulta elektrotechniky a informatiky  |T FEI Ústav informatiky a matematiky  |X 97776  |U E050  |Y 816  |7 97776 
242 0 1 |a Timetable system development - frontend  |y eng 
245 1 0 |a Vývoj rozvrhového systému - frontend 
260 |a Bratislava :  |b STU v Bratislave FEI,  |c 2023 
300 |a 67 s. 
650 4 |a timetable creation  |2 slo 
650 4 |a frontend  |2 slo 
650 4 |a kolízie udalostí  |2 slo 
650 4 |a webová aplikáci  |2 slo 
650 4 |a Angular  |2 slo 
650 4 |a web application  |2 eng 
650 4 |a timetable creation  |2 eng 
650 4 |a Angular  |2 eng 
650 4 |a frontend  |2 eng 
650 4 |a event collisions  |2 eng 
700 1 |a Jókay, Matúš  |u 035000  |k Z1  |4 ths  |U FEI Fakulta elektrotechniky a informatiky  |T FEI Ústav informatiky a matematiky  |X 10139  |U E050  |Y 816  |7 A000010139 
856 4 |u https://opac.crzp.sk/?fn=detailBiblioFormChildEDG1J&sid=C0DEB8E07572332BA32A0F15805F&seo=CRZP-detail-kniha